=LDR 00000nam 2200000 4500 =001 INLIS000000000015350 =005 20130612110630 =008 ***********************************Ind** =035 ##$$0010-061300000015350 =041 ##$$a Ind =082 ##$$a 641.309.598.15 =090 ##$$a 641.309.589.15, BUY-m =100 ##$$a Buyang Ibrahim =245 ##$$a Makanan, Wujud Variasi dan Fungsinya Serta Cara Penyajiannya Pada Orang Melayu Jambi, Ibrahim Buyang =260 ##$$a 1995 $b Jakarta =300 ##$$a VII,142 hlm, Ilus, 21 cm =650 ##$$a Makanan jambi =850 ##$$a NBPNMAT